000 00734nam a22001697a 4500
003 MACL
005 20160727132129.0
008 160727b xxu||||| |||| 00| 0 eng d
040 _cMACL
041 _aHindi
082 _a800 VYA
100 _aव्‍यास, सत्‍य प्रकाश
_965485
245 _aहिन्‍दी कवियों की मार्क्‍सवादी विचारधारा का तुलनात्‍मक अध्‍ययन
_cसत्‍य प्रकाश व्‍यास
260 _aगाजियाबाद
_bलता साहित्‍य सदन
_c2007
650 _aकाव्‍य समीक्षा
_948818
942 _2ddc
_cHIN
999 _c55111
_d55111